| 000 | 01341nam a22003617a 4500 | ||
|---|---|---|---|
| 003 | CHAP | ||
| 005 | 20220329135446.0 | ||
| 008 | 971013s1979 r 00010 d | ||
| 010 | _a36850 | ||
| 011 | _a37822 | ||
| 035 | _a41942 | ||
| 040 | _cCHAP | ||
| 082 |
_a634 _bP3Y |
||
| 100 | 0 | 0 |
_aPantastico, E. B. _985133 |
| 245 | _aFisiología de postrecolección, manejo y utilización de frutas y hortalizas tropicales y subtropicales | ||
| 260 |
_aMéxico : _bCECSA, _c1979 |
||
| 300 |
_a663 p. _b: ilus. ; gráfs. |
||
| 590 |
_aBATCH-UPD _b10 _c20130110 _lUCH01 _h0026 |
||
| 590 |
_aBATCH-UPD _b10 _c20130110 _lUCH01 _h0836 |
||
| 590 |
_aBATCH-UPD _b10 _c20130410 _lUCH01 _h0514 |
||
| 590 |
_aBATCH-UPD _b10 _c20130914 _lUCH01 _h1445 |
||
| 590 |
_aCONVERSION _b10 _c20130109 _lUCH01 _h1321 |
||
| 650 | 1 | 4 |
_aFruta _xFisiología y morfología. _943618 |
| 650 | 1 | 4 |
_aFruticultura _xTrópicos. _943755 |
| 650 | 1 | 4 |
_aLegumbres. _965680 |
| 901 | _aBK | ||
| 942 | _cLIBRO | ||
| 949 |
_a634 P3Y _bBC _cLIBRO _d-96397 _eLIBRO _h50608 _i41942 _si |
||
| 949 |
_a634 P3Y _bBC _cLIBRO _d-96400 _eLIBRO _fc.2 _h50609 _i41942 _si |
||
| 949 |
_a634 P3Y _bBC _cLIBRO _d-96404 _eLIBRO _fc.5 _gI.c/e _h77244 _i41942 _si |
||
| 949 |
_a634 P3Y _bBC _cLIBRO _d33724000720819 _eLIBRO _fc.4 _gI.c/e _h77243 _i41942 _si |
||
| 949 |
_a634 P3Y _bBC _cLIBRO _d33724000880779 _eLIBRO _fc.3 _h58166 _i41942 _si |
||
| 999 |
_c36850 _d36850 |
||